Jakiego państwa to herb? pt.2 (dla Geomexa) - Statystyki

Ogólne statystyki
  • Ten quiz został rozwiązany 35 razy
  • Średni wynik to 12 z 28
Statystyki odpowiedzi
Obrazkowy Odpowiedź % Poprawnych
Bośnia i Hercegowina
100%
Polska
83%
Ukraina
83%
Korea Południowa
77%
Chiny
73%
Niemcy
73%
Stany Zjednoczone
70%
Zjednoczone Emiraty Arabskie
70%
Grecja
63%
Turkmenistan
60%
Tonga
50%
Afganistan
47%
Jordania
40%
Kanada
33%
Katar
33%
Malezja
33%
Zambia
33%
Kambodża
30%
Cypr
27%
Demokratyczna Republika Konga
20%
Francja
20%
Gwinea Bissau
20%
Trynidad i Tobago
20%
Republika Południowej Afryki
17%
Barbados
10%
Burundi
10%
Sudan
10%
Sudan Południowy
7%
Nie znaleziono quizów pasujących do podanych kryteriów
Rozkład punktacji
Procent ludzi z każdym wynikiem
Percentyl według liczby udzielonych odpowiedzi
Twoja historia wyników
Nie rozwiązałeś tego quizu